000 00517nam a2200181Ia 4500
999 _c11404
_d11404
003 OSt
005 20191231112309.0
008 190216s9999||||xx |||||||||||||| ||und||
020 _a9788125924005
040 _coclc
082 _a338.5
_bDWI/E
100 _aDwivedi, D N
_9463
245 0 _aEssentials Of Business Economics /
_c D N Dwivedi
260 _bVikas Publishing House,
_c2012.
_aNew Delhi:
300 _a452p
650 _aEconomics
942 _cBK
_2ddc
_h338.5
_iDWI/E
_k338.5
_mDWI/E